Quiz sur Oman - Statistiques

Statistiques générales
  • Ce quiz a été pris 5 720 fois
  • Le résultat moyen est 13 sur 20
Statistiques - réponses
Question Réponse % Correct
Pays frontaliers Arabie Saoudite
96%
Religion officielle Islam ibadite
96%
Langue officielle Arabe
95%
Pays frontaliers Yémen
95%
Pays frontaliers Émirats arabes unis
93%
Principal produit d'exportation Pétrole
81%
Colonisateur d'Oman, jusqu'en 1951 Royaume-Uni
78%
Capitale Mascate
76%
Golfes qui bordent Oman Golfe {Persique}
72%
Titre porté par le monarque d'Oman Sultan
69%
Il y a environ 500 000 habitants d'Oman qui sont nés dans ce pays étranger Inde
66%
Oman fut l'avant-dernier pays à abolir cette pratique, en 1970 Esclavage
63%
Île africaine, aujourd'hui en Tanzanie, qui était autrefois la capitale d'Oman Zanzibar
63%
Sur le drapeau d'Oman figure une arme, appelée kandjar, qui est un type de... Poignard
53%
Golfes qui bordent Oman Golfe d'{Oman}
52%
Détroit qui sépare Oman de l'Iran Détroit d'{Ormuz}
49%
Devise monétaire Rial
26%
Oman représente 17% de la production mondiale de cette résine parfumée Encens
23%
Monarque au pouvoir de 1970 à 2020 Qabus ibn Said
11%
Plus grande ville, en 3 lettres Sib
10%
Aucun quiz correspondant
Distribution des résultats
% des personnes avec chaque résultat
Percentile par nombre de réponses
Votre historique - résultats
Vous n’avez pas pris ce quiz